| 000 | 00667nam a2200217Ia 4500 | ||
|---|---|---|---|
| 005 | 20250508165557.0 | ||
| 008 | 008 250505s9999 xx 000 0 eng d | ||
| 020 | _a978-0-415-70998-9 | ||
| 037 | _aReference | ||
| 040 |
_aFEDL _beng _cFEDL |
||
| 041 |
_aeng _2eng |
||
| 084 |
_a371.9, LAC/RR _qFEDL |
||
| 100 |
_aLacey Penny Ed. _9781242 |
||
| 245 | 0 | _aRoutledge companion to severe, profound and multiple learning difficulties | |
| 260 |
_aLondon, UK _bRoutledge _c2015 |
||
| 300 | _axix, 435p. | ||
| 365 |
_aGBP _b39.99 |
||
| 700 |
_a Ashdown Rob Ed. Jones Phyllis Ed. _9781243 |
||
| 942 |
_cREF _h371.9, LAC/RR |
||
| 999 |
_c1395963 _d1395963 |
||